Joaquín Rodrigo

Zapisane w:
Opis bibliograficzny
1. autor: Sopeña, Federico (Autor)
Format: Książka
Język:hiszpański
Wydane: Madrid E.P.E.S.A 1946
Hasła przedmiotowe:
Etykiety: Dodaj etykietę
Nie ma etykietki, Dołącz pierwszą etykiete!

MARC

LEADER 00000nam a2200000 a 4500
001 UCN2190
003 CL-VaPUC
008 010511e19460000SP |||||||||||||||||spa|d
082 0 4 |a 780.92  |b SOP  |2 21 
100 0 |a Sopeña, Federico  |e author  |9 457891 
245 1 0 |a Joaquín Rodrigo 
300 |a 132 p 
942 |c BK 
945 |d 20010511 00:00:00  |a crobeson 
260 |a Madrid  |b E.P.E.S.A  |c 1946 
500 |a Donación Padres Capuchinos 
600 0 7 |a RODRIGO, JOAQUIN  |2 CL-VaPUC  |9 457892 
650 7 |a COMPOSITORES ESPAÑOLES  |2 CL-VaPUC  |9 457893 
650 0 |a Música, siglo 20  |9 324961 
583 |a last modification  |c 20010511 00:00:00  |k Rodrigo Vera 
999 |c 295348  |d 295346 
952 |0 0  |1 0  |4 0  |6 780_920000000000000_SOP_1946  |7 0  |8 A  |9 348333  |a BIBEDU  |b BIBEDU  |d 2019-11-20  |i 118203K  |o 780.92 SOP 1946  |p 118203K  |r 2023-01-12  |w 2019-11-20  |y BK  |k MUS 
952 |0 0  |1 0  |4 0  |6 780_920000000000000_SOP_1946  |7 0  |8 A  |9 348334  |a BIBEDU  |b BIBEDU  |d 2019-11-20  |i 1182048  |o 780.92 SOP 1946  |p 1182048  |r 2023-01-12  |w 2019-11-20  |y BK  |k MUS 
952 |0 0  |1 0  |4 0  |6 780_920000000000000_SOP_1946  |7 0  |8 X  |9 348335  |a FDOBUD  |b FDOBUD  |d 2019-11-20  |i 441179K  |o 780.92 SOP 1946  |p 441179K  |r 2019-11-20  |w 2019-11-20  |y BK_X  |k BUD